| 000 | 00934nam0a22002651 4500 | ||
|---|---|---|---|
| 001 | rc\2813372 | ||
| 005 | 20260407071618.0 | ||
| 035 | _a(NLR Aleph) 006939179 | ||
| 090 |
_a7626650 _c7626650 |
||
| 100 | _a20110915d1945 u y0rusy50 ca | ||
| 101 | 0 | _arus | |
| 102 | _aRU | ||
| 105 | _ay z ||||| | ||
| 200 | 1 |
_aКолхозный строй в Отечественной войне 1941-1945 гг. _fН. И. Анисимов |
|
| 210 |
_aМосква _cВоен. изд-во _d1945 _gтип. им. Тимошенко |
||
| 215 |
_a64 с. _d16 см. |
||
| 700 | 1 |
_4070 _7ca _8rus _aАнисимов _bН.И. _cд-р экон. наук _gНиколай Ильич _3RU\NLR\AUTH\770282348 _92671150 |
|
| 801 | 0 |
_aRU _bNLR _gpsbo |
|
| 801 | 1 |
_aRU _bELAR _2rusmarc |
|
| 852 |
_aNLR _jЭк50 Г-2/377 |
||
| 942 | _cBOOK | ||
| 945 | _aРоссийская национальная библиотека | ||
| 980 | _aNB | ||
| 980 | _aBV | ||